| 000 | 02927nam0a22004811 4500 | ||
|---|---|---|---|
| 001 | RU\NLR\A1\2073 | ||
| 005 | 20260407102332.0 | ||
| 035 | _a(NLR Aleph) 009672097 | ||
| 090 |
_a9666351 _c9666351 |
||
| 100 | _a19960423d1769 k y0rusy50 ca | ||
| 101 | 0 | _arus | |
| 102 | _aRU | ||
| 135 | _acrcn 024anaba | ||
| 140 | _ay y ba yaa0000 | ||
| 200 | 1 |
_aОписание и наставление о прививании оспы, _fглавной артиллерии и фортификации и Артиллерийскаго шляхетнаго кадетскаго корпуса доктора Андрея Бахерахта |
|
| 210 |
_aВ Санктпетербурге _c[Тип. Мор. кад. корпуса] _d1769 |
||
| 215 |
_a[4], 58, [2] с. _d8° |
||
| 300 | _aНа с.[3] посвящ.: "Отечеству". | ||
| 305 | _aСочинение удостоено серебряной медали Вольного экономического общества. Опубликовано также в "Трудах Вольного экономического общества" (1772. Ч. 21. С.65-116) | ||
| 316 |
_aЭкз. РНБ (18.37.6.4) в цельнокожаном коричневом пер. На верхней крышке пер. бумаж. наклейка с порядковым номером книги на полке: "4". На нижней крышке пер. экслибрис Рус. фонда ГПБ с шифром. Корешок с 5-ю бинтами и блинтовым тиснением. Обрез крапчатый крас. На форзаце ярлык с шифром РНБ поверх др. ярлыка. Размер 18,3х11,5х0,9 см _5NLR: 18.37.6.4 |
||
| 321 | 1 | _aСК XVIII 436 | |
| 325 | _aКопия доступна в Электрон. б-ке РНБ | ||
| 620 | _dСанкт-Петербург | ||
| 700 | 1 |
_4070 _7ca _8rus _aБахерахт _bА. Г. _f1724-1806 _gАндрей Гаврилович _9240257 _3RU\NLR\AUTH\770240313 |
|
| 712 | 0 | 2 |
_4610 _aМорской кадетский корпус _cПетербург _bТипография _3RU\NLR\AUTH\889930200 _9355962 |
| 801 | 0 |
_aRU _bNLR _c19960423 |
|
| 852 |
_aNLR _j18.37.6.4 |
||
| 856 | 0 | _uhttp://vivaldi.nlr.ru/bx700000052/view | |
| 856 | 1 | _uhttp://vivaldi.nlr.ru/bx700000052/cover | |
| 856 | 2 | _uhttp://vivaldi.nlr.ru/bx700000052/text | |
| 899 | _aРГБ | ||
| 899 | _aВМА | ||
| 899 | _aБАН | ||
| 899 | _aМГУ | ||
| 899 | _aГПИБ | ||
| 942 | _cBOOK | ||
| 980 | _aNB | ||
| 980 | _aA1XVIIIv | ||
| 981 | 2 | 0 |
_a(20) Книжные памятники РНБ _b(20) Русский книжный фонд |